| 000 | 00355nam a2200157Ia 4500 | ||
|---|---|---|---|
| 001 | 9179 | ||
| 003 | GE_BSU | ||
| 008 | 181216s||||||||xx |||||||||||||| ||und|| | ||
| 040 | _cGE_BSU | ||
| 245 | 4 | _aThe Economist, march 15Th-21st. 2014 | |
| 245 | _bNumber 8878 Volume410 | ||
| 260 | _c2014 | ||
| 300 | _a82p.27cm. | ||
| 653 | _aThe Economist | ||
| 942 | _cCR | ||
| 999 |
_c42483 _d42483 |
||